Animación a la lectura en España: ¿cómo, cuándo, porque? (Record no. 62468)

MARC details
000 -CABECERA
campo de control de longitud fija 00596nam a2200217 a 4500
005 - FECHA Y HORA DE LA ÚLTIMA TRANSACCIÓN
campo de control 20210219152851.0
008 - ELEMENTOS DE LONGITUD FIJA--INFORMACIÓN GENERAL
campo de control de longitud fija 991125n 000 0 spa u
035 ## - NÚMERO DE CONTROL DEL SISTEMA
Número de control de sistema UPN01000064178
100 ## - ASIENTO PRINCIPAL--NOMBRE PERSONAL
Nombre de persona CANCERRADO MALMIERCA, Luis Miguel
222 ## - TÍTULO CLAVE
Título clave EDUCACION Y BIBLIOTECA (MADRID, ESPAÑA)
245 ## - MENCIÓN DE TÍTULO
Título Animación a la lectura en España: ¿cómo, cuándo, porque?
300 ## - DESCRIPCIÓN FÍSICA
Extensión 30-31
362 ## - FECHAS DE PUBLICACIÓN Y/O DESIGNACIÓN SECUENCIAL
Fecha de publicación y/o designación secuencial 1994 No. 50, oct.
653 0# - TERMINO DE INDIZACION - NO CONTROLADO
Término no controlado ANIMACION
653 0# - TERMINO DE INDIZACION - NO CONTROLADO
Término no controlado BIBLIOTECAS ESCOLARES
653 0# - TERMINO DE INDIZACION - NO CONTROLADO
Término no controlado ESPAÑA
653 0# - TERMINO DE INDIZACION - NO CONTROLADO
Término no controlado LECTURA
653 0# - TERMINO DE INDIZACION - NO CONTROLADO
Término no controlado NIÑOS
904 ## - ELEMENTOS DE DATOS D LOCAL, LDD (RLIN)
a AC
b 001989
905 ## - TIPO DE MATERIAL
Tipo de material Articulo

No items available.